Normal view
MARC view
- Ferguson, Paula M
Entry Personal Name
001 - CONTROL NUMBER
- control field: 76451
003 - CONTROL NUMBER IDENTIFIER
- control field: NUST
005 - DATE AND TIME OF LATEST TRANSACTION
- control field: 20210628205642.0
008 - FIXED-LENGTH DATA ELEMENTS
- fixed length control field: 210628|| aca||aabn | a|a d
040 ## - CATALOGING SOURCE
- Original cataloging agency: NUST
- Transcribing agency: NUST
100 ## - HEADING--PERSONAL NAME
- Personal name: Ferguson, Paula M
670 ## - SOURCE DATA FOUND
- Source citation: Work cat.: (NUST): Ferguson, Paula M, The x resource a practical journal of the x windows systems, 1995
